[Event "Hvar op"]
[Site "Hvar"]
[Date "2023.10.19"]
[Round "7"]
[White "Lavrov, Maxim1"]
[Black "Ramaj, Ergit"]
[Result "1/2-1/2"]
[WhiteElo "2173"]
[BlackElo "1951"]
[PlyCount "113"]
[EventDate "2023.10.15"]
[EventType "swiss"]
[EventRounds "9"]
[EventCountry "CRO"]
[SourceTitle "Mega2024 Update 01"]
[Source "Chessbase"]
[SourceDate "2023.11.12"]
[SourceVersion "1"]
[SourceVersionDate "2023.11.12"]
[SourceQuality "1"]

1. e4 e5 2. Nf3 Nc6 3. Bb5 a6 4. Ba4 Nf6 5. 0-0 Be7 6. Re1 b5 7. Bb3 0-0 8. c3 d5 9. exd5 Nxd5 10. Nxe5 Nxe5 11. Rxe5 c6 12. d4 Bd6 13. Re1 Qh4 14. g3 Qh3 15. Qd3 Bf5 16. Qf1 Qh5 17. Be3 Rae8 18. Nd2 Bh3 19. Qe2 Bg4 20. Qf1 f5 21. f4 Kh8 22. Bxd5 cxd5 23. Qf2 Re4 24. a4 g5 25. axb5 gxf4 26. Bxf4 Bxf4 27. gxf4 Rg8 28. Kh1 Bh3 29. Nxe4 Bg2+ 30. Qxg2 Rxg2 31. Kxg2 fxe4 32. Re3 axb5 33. Rg3 Qe2+ 34. Kg1 h5 35. f5 h4 36. Rg2 Qe3+ 37. Rf2 Qg5+ 38. Kf1 e3 39. Rf3 Qg4 40. Ke2 Qg2+ 41. Kxe3 Qxb2 42. Ra8+ Kh7 43. f6 Qc1+ 44. Ke2 Qc2+ 45. Ke1 Qc1+ 46. Kf2 Qd2+ 47. Kg1 Qd1+ 48. Rf1 Qg4+ 49. Kf2 Qf4+ 50. Ke2 Qe4+ 51. Kd2 Qg2+ 52. Ke1 Qe4+ 53. Kf2 Qf4+ 54. Kg1 Qg4+ 55. Kf2 Qf4+ 56. Ke2 Qe4+ 57. Kd2 1/2-1/2

[Event "Hvar Arsenal blitz op 2nd"]
[Site "Hvar"]
[Date "2023.10.19"]
[Round "7"]
[White "Sevelj, Berislav"]
[Black "Ramaj, Ergit"]
[Result "0-1"]
[WhiteElo "1668"]
[BlackElo "2024"]
[PlyCount "60"]
[EventDate "2023.10.19"]
[EventType "swiss (blitz)"]
[EventRounds "11"]
[EventCountry "CRO"]
[SourceTitle "Mega2024 Update 01"]
[Source "Chessbase"]
[SourceDate "2023.11.12"]
[SourceVersion "1"]
[SourceVersionDate "2023.11.12"]
[SourceQuality "1"]

1. e4 e5 2. Nf3 Nc6 3. Bb5 a6 4. Ba4 Nf6 5. 0-0 Be7 6. Re1 b5 7. Bb3 0-0 8. Bd5 Bb7 9. d3 Nxd5 10. exd5 Nb4 11. Nxe5 Nxd5 12. Bd2 Bd6 13. Nf3 Qf6 14. Nc3 Nxc3 15. Bxc3 Qh6 16. Be5 Rae8 17. Bxd6 Qxd6 18. Rxe8 Rxe8 19. Kf1 Qf6 20. c3 g5 21. h3 h5 22. Nd4 c5 23. Nb3 Qc6 24. f3 Qd6 25. Kf2 g4 26. hxg4 hxg4 27. Qd2 Re6 28. Rh1 Rg6 29. f4 g3+ 30. Kg1 Qd5 0-1

[Event "World ol U16"]
[Site "Eindhoven"]
[Date "2023.08.18"]
[Round "9.26"]
[White "Ramaj, Ergit"]
[Black "Medina, Joshua"]
[Result "1-0"]
[WhiteElo "1934"]
[BlackElo "1621"]
[PlyCount "57"]
[EventDate "2023.08.13"]
[EventType "team-swiss"]
[EventRounds "9"]
[EventCountry "NED"]
[SourceTitle "CBM 215 Extra"]
[Source "ChessBase"]
[SourceDate "2023.09.30"]
[SourceVersion "1"]
[SourceVersionDate "2023.09.30"]
[SourceQuality "1"]
[WhiteTeam "Albania"]
[BlackTeam "Trinidad and Tobago"]
[WhiteTeamCountry "ALB"]
[BlackTeamCountry "TRI"]

1. e4 c5 2. Nf3 Nc6 3. Bb5 e5 4. 0-0 Bd6 5. c3 a6 6. Bxc6 dxc6 7. d4 exd4 8. cxd4 Bg4 9. dxc5 Bxc5 10. Qc2 Qe7 11. Qc3 Nf6 12. Bg5 Bxf3 13. Qxf3 Qxe4 14. Qg3 0-0-0 15. Nc3 Qf5 16. Be3 Bd6 17. Qh4 Ng4 18. g3 f6 19. Bb6 Bc7 20. Bxc7 Kxc7 21. Rad1 h5 22. Qh3 h4 23. Rxd8 Kxd8 24. Ne2 Ne3 25. Rd1+ Kc7 26. Qxf5 Nxf5 27. Nf4 hxg3 28. hxg3 Rd8 29. Ne6+ 1-0

[Event "World ol U16"]
[Site "Eindhoven"]
[Date "2023.08.15"]
[Round "5.22"]
[White "Ramaj, Ergit"]
[Black "Laamim, Roaa"]
[Result "1-0"]
[WhiteElo "1934"]
[BlackElo "1939"]
[PlyCount "91"]
[EventDate "2023.08.13"]
[EventType "team-swiss"]
[EventRounds "9"]
[EventCountry "NED"]
[SourceTitle "CBM 215 Extra"]
[Source "ChessBase"]
[SourceDate "2023.09.30"]
[SourceVersion "1"]
[SourceVersionDate "2023.09.30"]
[SourceQuality "1"]
[WhiteTeam "Albania"]
[BlackTeam "Morocco"]
[WhiteTeamCountry "ALB"]
[BlackTeamCountry "MAR"]

1. e4 e5 2. Nf3 Nc6 3. Bc4 Bc5 4. c3 Nf6 5. d4 exd4 6. cxd4 Bb4+ 7. Nc3 Nxe4 8. 0-0 Bxc3 9. d5 Bf6 10. Re1 Ne7 11. Rxe4 d6 12. Bg5 Bxg5 13. Nxg5 Bf5 14. Bb5+ Bd7 15. Bxd7+ Qxd7 16. Qe2 h6 17. Re1 0-0 18. Rxe7 Qf5 19. Nf3 Qxd5 20. Rxc7 Qxa2 21. Rxb7 d5 22. h3 a5 23. Qb5 a4 24. Ne5 a3 25. bxa3 Qxa3 26. Rxf7 Rxf7 27. Qxd5 Qa2 28. Qxf7+ Qxf7 29. Nxf7 Kxf7 30. Rb1 Ra7 31. Rb6 Ra2 32. g4 Re2 33. Kg2 Re1 34. h4 Re6 35. Rxe6 Kxe6 36. f4 Kd5 37. Kf3 Kd4 38. h5 Kd3 39. f5 Kd4 40. Kf4 Kd5 41. f6 gxf6 42. Kf5 Kd4 43. Kxf6 Ke4 44. Kg6 Kf4 45. Kxh6 Kxg4 46. Kg6 1-0

[Event "World ol U16"]
[Site "Eindhoven"]
[Date "2023.08.14"]
[Round "3.10"]
[White "Ramaj, Ergit"]
[Black "Dubnevych, Maksym"]
[Result "0-1"]
[WhiteElo "1934"]
[BlackElo "2391"]
[PlyCount "100"]
[EventDate "2023.08.13"]
[EventType "team-swiss"]
[EventRounds "9"]
[EventCountry "NED"]
[SourceTitle "CBM 215 Extra"]
[Source "ChessBase"]
[SourceDate "2023.09.30"]
[SourceVersion "1"]
[SourceVersionDate "2023.09.30"]
[SourceQuality "1"]
[WhiteTeam "Albania"]
[BlackTeam "Ukraine"]
[WhiteTeamCountry "ALB"]
[BlackTeamCountry "UKR"]

1. e4 c5 2. Nf3 Nc6 3. Bb5 g6 4. Bxc6 bxc6 5. 0-0 Bg7 6. Re1 e5 7. c3 Ne7 8. d4 cxd4 9. cxd4 exd4 10. Nxd4 0-0 11. Nc3 Bb7 12. Nb3 d5 13. Be3 Re8 14. Bd4 f6 15. Nc5 Bc8 16. exd5 Nxd5 17. Rxe8+ Qxe8 18. Nxd5 cxd5 19. Qf3 Qc6 20. Re1 a5 21. g4 Rb8 22. a3 g5 23. h3 Bf8 24. Ne6 Be7 25. Nxg5 Rb7 26. Qf4 fxg5 27. Qe5 Qg6 28. Qh8+ Kf7 29. Qxc8 Rb3 30. Qd7 Qd6 31. Qf5+ Kg8 32. Re6 Rf3 33. Qxg5+ Bxg5 34. Rxd6 Rd3 35. Bc3 a4 36. Rd7 h6 37. Kg2 Kf8 38. Rd6 Kf7 39. h4 Bxh4 40. Rxh6 Bg5 41. Rd6 Be7 42. Ra6 d4 43. Be1 Rd1 44. Bb4 Bxb4 45. axb4 d3 46. Rd6 Rd2 47. Kg3 Rxb2 48. Rxd3 Rb3 49. Rf3+ Rxf3+ 50. Kxf3 a3 0-1

[Event "EU-chT U18"]
[Site "Thessaloniki"]
[Date "2022.07.18"]
[Round "7.4"]
[White "Ivanovic, Marko"]
[Black "Ramaj, Ergit"]
[Result "1-0"]
[WhiteElo "2310"]
[BlackElo "1980"]
[PlyCount "53"]
[EventDate "2022.07.12"]
[EventType "team-swiss"]
[EventRounds "7"]
[EventCountry "GRE"]
[SourceTitle "CBM 209 Extra"]
[Source "ChessBase"]
[SourceDate "2022.09.30"]
[SourceVersion "1"]
[SourceVersionDate "2022.09.30"]
[SourceQuality "1"]
[WhiteTeam "Serbia U18"]
[BlackTeam "Albania U18"]
[WhiteTeamCountry "SRB"]
[BlackTeamCountry "ALB"]

1. d4 Nf6 2. Bf4 g6 3. Nc3 d5 4. e3 Bg7 5. h4 0-0 6. h5 a6 7. hxg6 hxg6 8. Qf3 c5 9. Qg3 cxd4 10. exd4 Nc6 11. Nf3 Qb6 12. 0-0-0 Bg4 13. Be5 Bh5 14. Bxf6 exf6 15. Nxd5 Qa5 16. Bc4 Rad8 17. Rxh5 gxh5 18. Nxf6+ Kh8 19. Rh1 Bxf6 20. Ne5 Bg7 21. Rxh5+ Kg8 22. c3 Nxe5 23. Rg5 Nxc4 24. Rxg7+ Kh8 25. Rg4 Rd5 26. Qh4+ Rh5 27. Qf6+ 1-0

[Event "EU-chT U18"]
[Site "Thessaloniki"]
[Date "2022.07.16"]
[Round "5.4"]
[White "Zemach, Nadav"]
[Black "Ramaj, Ergit"]
[Result "1-0"]
[WhiteElo "2225"]
[BlackElo "1980"]
[PlyCount "55"]
[EventDate "2022.07.12"]
[EventType "team-swiss"]
[EventRounds "7"]
[EventCountry "GRE"]
[SourceTitle "CBM 209 Extra"]
[Source "ChessBase"]
[SourceDate "2022.09.30"]
[SourceVersion "1"]
[SourceVersionDate "2022.09.30"]
[SourceQuality "1"]
[WhiteTeam "Israel Tel Aviv U18"]
[BlackTeam "Albania U18"]
[WhiteTeamCountry "ISR"]
[BlackTeamCountry "ALB"]

1. d4 Nf6 2. c4 g6 3. g3 Bg7 4. Bg2 0-0 5. Nc3 d6 6. Nf3 c5 7. d5 e6 8. 0-0 Re8 9. Bf4 exd5 10. cxd5 Ne4 11. Nxe4 Rxe4 12. Nd2 Re8 13. Nc4 g5 14. Bxd6 Na6 15. a4 Bd7 16. Qb3 Qc8 17. e4 Nb4 18. Rfe1 b5 19. axb5 Bxb5 20. e5 Qf5 21. Be4 Qd7 22. Bxc5 Na6 23. Bd6 Rac8 24. Na3 Ba4 25. Qe3 h6 26. b3 Bb5 27. Nxb5 Qxb5 28. Bd3 1-0

[Event "EU-ch Hybrid U14"]
[Site "Tornelo INT"]
[Date "2021.10.15"]
[Round "3"]
[White "Ciocani, Iosif"]
[Black "Ramaj, Ergit"]
[Result "1-0"]
[WhiteElo "2026"]
[BlackElo "1678"]
[PlyCount "77"]
[EventDate "2021.10.15"]
[EventType "swiss"]
[EventRounds "9"]
[EventCountry "NET"]
[SourceTitle "EXT 2023"]
[Source "ChessBase"]
[SourceDate "2022.10.05"]
[SourceVersion "1"]
[SourceVersionDate "2022.10.05"]
[SourceQuality "1"]
[WhiteTeam "Romania"]
[BlackTeam "Albania"]
[WhiteTeamCountry "ROU"]
[BlackTeamCountry "ALB"]

1. e4 c5 2. Nf3 d6 3. d4 cxd4 4. Nxd4 Nf6 5. Nc3 g6 6. Be3 Bg7 7. Be2 0-0 8. 0-0 Nc6 9. h3 d5 10. Nxc6 bxc6 11. e5 Nd7 12. f4 e6 13. Na4 Qe7 14. c3 a5 15. a3 c5 16. Rb1 Rb8 17. b3 f6 18. exf6 Qxf6 19. Qd3 d4 20. cxd4 cxd4 21. Bd2 e5 22. Bxa5 Ra8 23. Bb4 Ba6 24. Qe4 Rfe8 25. Qd5+ Qf7 26. Qxf7+ Kxf7 27. fxe5+ Kg8 28. e6 d3 29. Bf3 Bd4+ 30. Kh1 Ne5 31. Bxa8 Rxa8 32. e7 Nf7 33. Nc5 Bxc5 34. Bxc5 Bb5 35. a4 Bc6 36. Rbd1 Be4 37. Rfe1 Ng5 38. h4 Nh3 39. Rxe4 1-0

[Event "EU-ch Hybrid U14"]
[Site "Tornelo INT"]
[Date "2021.10.15"]
[Round "1"]
[White "Ince, Taylan Ruzgar"]
[Black "Ramaj, Ergit"]
[Result "1-0"]
[WhiteElo "2124"]
[BlackElo "1678"]
[PlyCount "79"]
[EventDate "2021.10.15"]
[EventType "swiss"]
[EventRounds "9"]
[EventCountry "NET"]
[SourceTitle "EXT 2023"]
[Source "ChessBase"]
[SourceDate "2022.10.05"]
[SourceVersion "1"]
[SourceVersionDate "2022.10.05"]
[SourceQuality "1"]
[WhiteTeam "Turkey"]
[BlackTeam "Albania"]
[WhiteTeamCountry "TUR"]
[BlackTeamCountry "ALB"]

1. d4 Nf6 2. c4 e6 3. g3 d5 4. Nf3 Be7 5. Bg2 0-0 6. 0-0 dxc4 7. Qc2 a6 8. a4 Bd7 9. Qxc4 Bc6 10. Bg5 Bd5 11. Qd3 h6 12. Bxf6 Bxf6 13. Nc3 Nc6 14. Nxd5 exd5 15. a5 Re8 16. e3 Qd6 17. Rfc1 Rab8 18. Ne1 Red8 19. Qc3 Rd7 20. Bh3 Re7 21. Qc5 Qxc5 22. Rxc5 Rd8 23. Rac1 g5 24. Nd3 Kg7 25. R1c3 Na7 26. Rxc7 Nb5 27. Rxe7 Bxe7 28. Rc2 Rd6 29. Nc5 Rc6 30. Bd7 Rd6 31. Bxb5 axb5 32. Nd3 Ra6 33. b4 h5 34. Rc7 Bd6 35. Rxb7 h4 36. Rxb5 Rc6 37. Nc5 h3 38. Rb6 Rc8 39. Rxd6 Rb8 40. Rb6 1-0

[Event "EU-ch Hybrid U14"]
[Site "Tornelo INT"]
[Date "2021.10.15"]
[Round "6"]
[White "Ramaj, Ergit"]
[Black "Zlatkov, Anton"]
[Result "1-0"]
[WhiteElo "1678"]
[BlackElo "2154"]
[PlyCount "55"]
[EventDate "2021.10.15"]
[EventType "swiss"]
[EventRounds "9"]
[EventCountry "NET"]
[SourceTitle "EXT 2023"]
[Source "ChessBase"]
[SourceDate "2022.10.05"]
[SourceVersion "1"]
[SourceVersionDate "2022.10.05"]
[SourceQuality "1"]
[WhiteTeam "Albania"]
[BlackTeam "Macedonia"]
[WhiteTeamCountry "ALB"]
[BlackTeamCountry "MKD"]

1. e4 c5 2. b4 cxb4 3. a3 bxa3 4. d4 d6 5. Nf3 g6 6. Nxa3 Bg7 7. Bd3 Nf6 8. 0-0 0-0 9. c3 Nc6 10. Nc4 d5 11. Ncd2 dxe4 12. Nxe4 Nxe4 13. Bxe4 Bf5 14. Bxf5 gxf5 15. Ng5 h6 16. Nh3 e6 17. Qf3 Qh4 18. Rb1 Qg4 19. Rxb7 Qxf3 20. gxf3 Rab8 21. Rc7 Rfc8 22. Rxc8+ Rxc8 23. Ba3 Bf8 24. Bxf8 Kxf8 25. Ra1 Ne7 26. Rxa7 Rxc3 27. Nf4 Rd3 28. Nxd3 1-0

[Event "Online Olym Div2 C"]
[Site "Chess.com INT"]
[Date "2021.09.03"]
[Round "6.2"]
[White "Gordon, Frederick"]
[Black "Ramaj, Ergit"]
[Result "0-1"]
[WhiteElo "1456"]
[BlackElo "1610"]
[PlyCount "84"]
[EventDate "2021.09.02"]
[EventType "team (rapid)"]
[EventRounds "9"]
[EventCountry "USA"]
[SourceTitle "CBM 204 Extra"]
[Source "ChessBase"]
[SourceDate "2021.11.30"]
[SourceVersion "1"]
[SourceVersionDate "2021.11.30"]
[SourceQuality "1"]
[WhiteTeam "Scotland"]
[BlackTeam "Albania"]
[WhiteTeamCountry "SCO"]
[BlackTeamCountry "ALB"]

1. e4 c5 2. Nf3 d6 3. Bb5+ Bd7 4. Bxd7+ Qxd7 5. 0-0 Nc6 6. b3 Nf6 7. Re1 g6 8. Bb2 Bg7 9. c4 0-0 10. d4 cxd4 11. Nxd4 Rac8 12. Nc3 a6 13. a4 e6 14. Qd2 Nxd4 15. Qxd4 Nd5 16. Qd2 Nxc3 17. Bxc3 Bxc3 18. Qxc3 d5 19. exd5 exd5 20. Qd4 Qf5 21. cxd5 Rcd8 22. Rad1 Rd6 23. Qc5 Rfd8 24. Re8+ Rxe8 25. Qxd6 Qd3 26. Rf1 Qxb3 27. Qd7 Re5 28. Qc8+ Kg7 29. d6 Rd5 30. d7 Qd3 31. Qxb7 Rxd7 32. Qb6 Rd6 33. Qb4 Qd4 34. Qa3 Qd3 35. Qa1+ Qd4 36. Qa2 Rb6 37. g3 h5 38. Qa3 h4 39. Kg2 Qe4+ 40. Kg1 h3 41. Qc3+ Kh7 42. f3 Qe2 0-1

[Event "Wch FIDE Online U12 Europe qual"]
[Site "Tornelo INT"]
[Date "2020.12.08"]
[Round "5"]
[White "Ramaj, Ergit"]
[Black "Bazilius, Augustinas"]
[Result "0-1"]
[WhiteElo "1434"]
[BlackElo "1790"]
[PlyCount "132"]
[EventDate "2020.12.07"]
[EventType "swiss (rapid)"]
[EventRounds "7"]
[EventCountry "ISS"]
[SourceTitle "EXT 2022"]
[Source "ChessBase"]
[SourceDate "2021.10.06"]
[SourceVersion "1"]
[SourceVersionDate "2021.10.06"]
[SourceQuality "1"]

1. d4 Nf6 2. g4 Nxg4 3. e4 d6 4. Be2 Nf6 5. Nc3 g6 6. Nf3 Bg7 7. Bg5 c6 8. Qd2 b5 9. e5 dxe5 10. Nxe5 b4 11. Na4 Ne4 12. Qf4 Nxg5 13. Qxg5 f6 14. Qf4 fxe5 15. dxe5 Qa5 16. Kf1 Qxe5 17. Qf3 Qd5 18. Qxd5 cxd5 19. Rd1 0-0 20. Rxd5 Bb7 21. Bc4 e6 22. Rb5 Bxh1 23. Nc5 Bd5 24. Bd3 Nc6 25. Na6 Bxb2 26. Rb7 Rf7 27. Rxf7 Kxf7 28. Nc7 Rc8 29. Nb5 a6 30. Nd6+ Ke7 31. Nxc8+ Kd7 32. Nb6+ Kc7 33. Na4 Bd4 34. Bxa6 Bxa2 35. Ke2 Bd5 36. Kd3 e5 37. c3 bxc3 38. Nxc3 e4+ 39. Nxe4 Bxe4+ 40. Kxe4 Bxf2 41. Kf3 Bd4 42. h4 Bf6 43. Kg4 h5+ 44. Kh3 Kd6 45. Bd3 Ne5 46. Bc2 Ke6 47. Kg3 Kf7 48. Kh3 Nf3 49. Kg3 Nxh4 50. Bb3+ Kg7 51. Kh2 Nf5 52. Bc2 Ne7 53. Kg1 Kh6 54. Bd1 g5 55. Ba4 g4 56. Be8 Kg5 57. Bb5 h4 58. Bf1 g3 59. Bh3 Nf5 60. Kg2 Ne3+ 61. Kf3 Bd4 62. Bg2 Nxg2 63. Kxg2 Kg4 64. Kh1 Be5 65. Kg1 Kf3 66. Kf1 g2+ 0-1

[Event "Wch FIDE Online U12 Europe qual"]
[Site "Tornelo INT"]
[Date "2020.12.07"]
[Round "2"]
[White "Pilshofer, Paul"]
[Black "Ramaj, Ergit"]
[Result "1-0"]
[WhiteElo "1540"]
[BlackElo "1434"]
[PlyCount "71"]
[EventDate "2020.12.07"]
[EventType "swiss (rapid)"]
[EventRounds "7"]
[EventCountry "ISS"]
[SourceTitle "EXT 2022"]
[Source "ChessBase"]
[SourceDate "2021.10.06"]
[SourceVersion "1"]
[SourceVersionDate "2021.10.06"]
[SourceQuality "1"]

1. Nf3 Nf6 2. d4 e6 3. g3 d5 4. c4 Be7 5. Bg2 0-0 6. 0-0 dxc4 7. Nc3 Nd5 8. Ne5 c5 9. Nxd5 exd5 10. dxc5 Be6 11. e4 d4 12. Bf4 Bxc5 13. Rc1 c3 14. bxc3 dxc3 15. Rxc3 Bb4 16. Rd3 Qa5 17. Rd4 g5 18. Nd3 Nc6 19. Rxb4 Nxb4 20. Bd6 Nxd3 21. Bxf8 Rxf8 22. Qxd3 Qxa2 23. Qb5 h6 24. Qxb7 a5 25. Qe7 a4 26. Qf6 Kh7 27. e5 Qc2 28. Re1 Bf5 29. e6 Bg6 30. e7 Re8 31. Be4 Qc4 32. Bxg6+ fxg6 33. Re6 Rg8 34. e8Q Rxe8 35. Qf7+ Kh8 36. Rxe8# 1-0

[Event "Wch FIDE Online U12 Europe qual"]
[Site "Tornelo INT"]
[Date "2020.12.07"]
[Round "1"]
[White "Ramaj, Ergit"]
[Black "Bazakutsa, Svyatoslav"]
[Result "0-1"]
[WhiteElo "1434"]
[BlackElo "2018"]
[PlyCount "64"]
[EventDate "2020.12.07"]
[EventType "swiss (rapid)"]
[EventRounds "7"]
[EventCountry "ISS"]
[SourceTitle "EXT 2022"]
[Source "ChessBase"]
[SourceDate "2021.10.06"]
[SourceVersion "1"]
[SourceVersionDate "2021.10.06"]
[SourceQuality "1"]

1. d4 Nf6 2. c4 g6 3. Nc3 Bg7 4. e4 d6 5. Nge2 0-0 6. Ng3 c5 7. d5 e6 8. Be2 exd5 9. cxd5 h5 10. Bg5 Nbd7 11. 0-0 Qb6 12. Qd2 Nh7 13. Be3 Re8 14. f4 Ndf6 15. e5 dxe5 16. f5 Ng4 17. fxg6 Qxg6 18. Bxc5 Bh6 19. Qd3 b6 20. Bf2 h4 21. Qxg6+ fxg6 22. Nge4 Nxf2 23. Kxf2 Kg7 24. Bf3 Bd7 25. Rad1 Rf8 26. Rd3 Ng5 27. Nxg5 Bxg5 28. Ne4 Bf4 29. g3 hxg3+ 30. hxg3 Bh6 31. d6 Rac8 32. Nc3 Rxc3 0-1